| 000 | 01903nam a2200457 i 4500 | ||
|---|---|---|---|
| 001 | 14047 | ||
| 003 | KOSZ 005 | ||
| 005 | 20230213124107.0 | ||
| 008 | 990606s1970 us f |000 0 pol d | ||
| 040 |
_cKOSZ 005 _aKOSZ 005 _dKOSZ 005/HR |
||
| 041 | _apol | ||
| 046 | _k1970 | ||
| 080 | _a628.3 | ||
| 245 | 0 |
_aProjektowanie i kontrola działania oczyszczalni ścieków / _cW. Wesley Eckenfelder, Wilhelm von der Emde, Earnest F. Gloyna, Joseph F. Malina, Davis L. Ford ; [tłumaczenie pod red. Jana Dojlido]. |
|
| 246 |
_iTytuł oryginału: _aWaste treatment plant design and operational control |
||
| 260 |
_aAustin : _bUniwersytet Teksaski ; _a Warszawa : _bInstytut Gospodarki Wodnej, _c1970. |
||
| 300 |
_a255, [3] s. : _brysunki, wykresy ; _c28 cm. |
||
| 336 |
_2rdacontent _aTekst _btxt |
||
| 337 |
_2rdamedia _aBez urządzenia pośredniczącego _bn |
||
| 338 |
_2rdacarrier _aWolumin _bnc |
||
| 380 | _aKsiążki. | ||
| 380 | _aPublikacje naukowe. | ||
| 388 | _a1901-2000 | ||
| 388 | _a1945-1989 | ||
| 490 | 1 |
_aProjekt FS ONZ - Polska 26 ; _vt. 4 |
|
| 658 | _aInżynieria i technika | ||
| 650 | 4 | _aOczyszczalnia ścieków | |
| 650 | 4 | _aProjekty | |
| 700 | 1 |
_aEckenfelder, W. Wesley. _d(1926- ). _eAutor |
|
| 700 | 1 |
_aEmde, Wilhelm. _cvon der _eAutor |
|
| 700 | 1 |
_aGloyna, Earnest F. _eAutor |
|
| 700 | 1 |
_aMalina, Joseph F. _eAutor |
|
| 700 | 1 |
_aFord, Davis L. _eAutor |
|
| 710 | 2 |
_aInstytut Gospodarki Wodnej _4pbl. |
|
| 700 | 1 |
_aDojlido, Jan Ryszard _d(1930-2018) _eTłumaczenie |
|
| 710 | 2 |
_aUniversity of Texas (Austin). _4pbl. |
|
| 710 | 2 | _aŚwiatowa Organizacja Zdrowia | |
| 830 | 0 |
_aProjekt FS ONZ - Polska 26 ; _vt. 4 |
|
| 856 |
_uhttp://koha.tu.koszalin.pl/cgi-bin/koha/opac-detail.pl?biblionumber=14047 _yKatalog online BPK |
||
| 942 |
_cKS _2UKD |
||
| 999 |
_c14047 _d14047 |
||